| 000 | 00557nam a2200193Ia 4500 | ||
|---|---|---|---|
| 005 | 20260120124604.0 | ||
| 008 | 008 260114s9999 xx 000 0 eng d | ||
| 020 | _a9781849507325 | ||
| 037 | _aEBOOK | ||
| 040 |
_aCRL _beng _cCRL |
||
| 041 |
_aeng _2eng |
||
| 084 | _qCRL | ||
| 245 | 0 | _aPopular Culture, Crime and Social Control | |
| 260 |
_bEmerald Publishing _c2010 |
||
| 700 |
_aMathieu Deflem _9908116 |
||
| 856 | _uhttps://www.emerald.com/insight/publication/doi/10.1108/S1521-6136(2010)14 | ||
| 942 | _cEBOOK | ||
| 999 |
_c1500005 _d1500005 |
||